000 00745nam a2200289Ia 4500
005 20260324112051.0
008 008 260324s9999 xx 000 0 eng d
020 _a9781003528319
037 _aEBOOK
040 _aCRL
040 _beng
040 _cCRL
041 _2eng
041 _aeng
084 _qCRL
100 _aEmnet Tadesse Woldegiorgis; Logan Govender; Dennis Zami Atibuni
_91137820
245 0 _aHigher Education Transformation in Africa
245 2 _bA Quest for Epistemological Rupture
260 _bTaylor and Francis
260 _c2024
365 _a
365 _b220
856 _uhttp://www.taylorfrancis.com/books/9781003528319
942 _cEBOOK
999 _c1730216
_d1730216